000 00488nam a2200181 4500
003 SEACOMEC
005 20240516110453.0
008 240516b |||||||| |||| 00| 0 eng d
020 _a3540637605 .
_cRs.895.00
040 _aSEACOMEC
082 _a511.8
_bJ95
100 _a Jungnickel, Dieter.
245 1 _aGraphs, Networks and Algorithms
_cDieter Jungnickel
250 _a2nd ed.
260 _a: New Delhi
_b Springer
_c2006
650 _a| Computational Mathematics
942 _cBOOK
999 _c1116
_d1116